000 01572cam a22004457a 4500
001 000077921
003 CHAP
005 20220329141857.0
008 980325d1995 mx b r 00110 spa d
010 _a75156
011 _a76128
035 _a85705
040 _cCHAP
090 _aTesis
100 0 0 _aCervantes Carrillo, Oscar A.
_921552
245 1 0 _aEvaluación financiera de un sistema agroforestal en la región de Zihuateutla, Puebla /
_c/por Oscar A. Cervantes Carrillo.
260 _aChapingo, Méx. :
_bEl autor,
_c1995.
300 _a127 h. :
_bmapa ; gráfs.
502 _aTesis (M.C. Forestales) -- UACH. División de Ciencias Forestales. Programa de Posgrado
590 _aALEPH
_b10
_c20130110
_lUCH01
_h1423
590 _aBATCH-UPD
_b10
_c20130110
_lUCH01
_h0038
590 _aBATCH-UPD
_b10
_c20130110
_lUCH01
_h1851
590 _aBATCH-UPD
_b10
_c20130410
_lUCH01
_h1220
590 _aBATCH-UPD
_b10
_c20130913
_lUCH01
_h2208
590 _aCONVERSION
_b10
_c20130109
_lUCH01
_h1341
590 _aE11695DGD
_b10
_c20130628
_lUCH01
_h0928
590 _aE12093SGE
_b10
_c20130628
_lUCH01
_h0859
650 1 4 _aAgroforestería
_xPuebla.
_92167
650 1 4 _aÁrboles
_xPuebla.
_96639
650 1 4 _aCafé
_xCostos de producción.
_917120
650 1 4 _aCafé
_zPuebla.
_917214
650 1 4 _aCultivos asociados.
_930370
650 1 4 _aMimosa scabrella.
_975898
901 _aBK
905 _aMayto Villalobos S.
942 _cFOLL
942 _n0
949 _bBC
_cTES
_d33724000587069
_eTS2
_fc.2
_h32111
_i85705
_sm
949 _bBC
_cTES
_d857051
_eTS1
_h32109
_i85705
_sb
999 _c75156
_d75156